| 000 | 00488nam a2200157Ia 4500 | ||
|---|---|---|---|
| 008 | 210210b1996 xxu||||| |||| 00| 0 eng d | ||
| 020 | _a0333 93006 1 | ||
| 082 | _a658.4 ARNW | ||
| 100 | _aARNOLD (John) and others. | ||
| 245 | _aWork psychology: understanding human behaviour in the workplace. | ||
| 260 |
_aDelhi. _bMacmillan India Ltd. _c1996 |
||
| 300 | _axvi,329 | ||
| 650 | _aWork Psychology, Human Behaviour Workplace | ||
| 690 | _aOrganisational Behaviour | ||
| 906 | _a053215 | ||
| 999 |
_c101569 _d101569 |
||